Palmyre, Alep, Damas : images de Syrie /

محفوظ في:

المؤلف الرئيسي: Eisenlohr, Michel (مؤلف)

مؤلفون آخرون: Gros, Pierre., Brun, Yann.

التنسيق: كتاب

اللغة: English

منشور في: Arles : Actes sud, 2017.

الموضوعات:

الوسوم: إضافة وسم

لا توجد وسوم, كن أول من يضع وسما على هذه التسجيلة!

رقم الطلب: DS93.2 .E39 2017

LEADER 00823namaa2200265 4500
003 OSt
005 20260216114709.0
008 130303s2017 fr a b 000 0 eng d
020 |a 9782330078638 
040 |c ARCE Library 
043 |a a-sy--- 
050 4 |a DS93.2 .E39 2017 
100 1 |a Eisenlohr, Michel,  |e author  |9 29455 
245 1 0 |a Palmyre, Alep, Damas :  |b images de Syrie /  |c Michel Eisenlohr, Pierre Gros, Yann Brun. 
264 1 |a Arles :  |b Actes sud,  |c 2017. 
300 |a 118 pages :  |b illustrations ;  |c 21 cm. 
504 |a Includes bibliographical references. 
650 0 |a Historic sites  |z Syria  |v Pictorial works. 
651 0 |a Syria  |v Pictorial works. 
651 0 |a Syria  |x Antiquities  |v Pictorial works. 
700 1 |a Gros, Pierre. 
700 1 |a Brun, Yann. 
901 |a reviewed 
942 |c BK  |2 lcc 
999 |c 7036  |d 7036